Fußball: Trainer des FC Barcelona – Sudden Death - Statistiken

Allgemein
  • Dieses Quiz wurde 480 mal gespielt
  • Das Durchschnittsergebnis liegt bei 7 aus 11
Answers on the Grid
Answers color-coded by a green-red scale on the quiz's grid according to % correct below.
Hansi Flick
Luis Enrique
Pep Guardiola
Louis van Gaal
Johan Cruyff
Udo Lattek
Hennes Weisweiler
Xavi
Bobby Robson
Terry Venables
Frank Rijkaard
Roy Hodgson
José Mourinho
Jupp Heynckes
Carlo Ancelotti
Ernst Happel
 
Antwortstatistiken
Antwort % Korrekt
Pep Guardiola
89%
Hansi Flick
88%
Xavi
86%
Luis Enrique
85%
Johan Cruyff
80%
Frank Rijkaard
67%
Louis van Gaal
63%
Udo Lattek
31%
Terry Venables
25%
Hennes Weisweiler
23%
Bobby Robson
21%
Keine übereinstimmenden Quizze gefunden
Verteilung der Resultate
Anzahl Personen mit jedem Resultat
Perzentil nach korrekt beantworteten Fragen
Ihre Resultats-Entwicklung
Sie haben dieses Quiz noch nicht gespielt